Five-minute bedtime stories

Bibliographic Details
Other Authors: Classic stories to share
Format: Book
Published: United Kingdom : Miles Kelly Publishing Ltd. , 2019
Subjects:

MARC

LEADER 00000cam a2200000 7i4500
001 0000087251
005 20230125114146.0
008 220112
020 |a 9781786178701 
041 0 |a English 
090 0 0 |a JF   |b FT ENG 
245 1 0 |a Five-minute bedtime stories 
260 |a United Kingdom :   |b Miles Kelly Publishing Ltd. ,   |c 2019 
300 |a 383 p. :   |b ill., col. ;   |c 22.5 cm. 
500 |a Children ages 7-9 years old (orange) 
541 0 |c Purchased on 2021   |f 2021/23 ANT   |h RM100.60 
650 0 |a Fairy tales 
700 1 |a Classic stories to share 
999 |a 0001670005   |b Book   |c Children Collection   |e Perbadanan Perpustakaan Awam Johor 
999 |a 0001670006   |b Book   |c Children Collection   |e Cawangan Urban Transformation Centre 
999 |a 0001670007   |b Book   |c Children Collection   |e Cawangan AEON Kulaijaya 
999 |a 0001670249   |b Book   |c Children Collection   |e Cawangan Pontian 
999 |a 0001670250   |b Book   |c Children Collection   |e Cawangan Tmn. Ungku Tun Aminah 
999 |a 0001670251   |b Book   |c Children Collection   |e Cawangan Bandar Penawar 
999 |a 0001670252   |b Book   |c Children Collection   |e Cawangan Muar 
999 |a 0001670253   |b Book   |c Children Collection   |e Cawangan Bandar Tenggara 
999 |a 0001670254   |b Book   |c Children Collection   |e Cawangan Segamat 
999 |a 0001670255   |b Book   |c Children Collection   |e Cawangan Tangkak 
999 |a 0001670256   |b Book   |c Children Collection   |e Cawangan Taman Sri Lambak 
999 |a 0001670257   |b Book   |c Children Collection   |e Cawangan Bukit Gambir 
999 |a 0001670258   |b Book   |c Children Collection   |e Cawangan Kota Tinggi 
999 |a 0001670259   |b Book   |c Children Collection   |e Cawangan Mersing 
999 |a 0001670261   |b Book   |c Children Collection   |e Cawangan Taman Universiti 
999 |a 0001670262   |b Book   |c Adult Collection   |e Cawangan Batu Pahat